Подробности
| 000 -МАРКЕР |
| контрольное поле |
02782nam0a22004571 4500 |
| 001 - ИДЕНТИФИКАТОР ЗАПИСИ |
| контрольное поле |
v19\rc\1335705 |
| 005 - ИДЕНТИФИКАТОР ВЕРСИИ |
| контрольное поле |
20181102101547.0 |
| 035 ## - ДРУГИЕ СИСТЕМНЫЕ НОМЕРА |
| Идентификатор записи |
(NLR Aleph) 004561183 |
| 100 ## - ДАННЫЕ ОБЩЕЙ ОБРАБОТКИ |
| Данные общей обработки |
20060512d1854 |||y0rusy50 ca |
| 101 1# - ЯЗЫК РЕСУРСА |
| Язык текста, звукозаписи и т.д. |
русский |
| Язык оригинала |
французский |
| 102 ## - СТРАНА ПУБЛИКАЦИИ ИЛИ ПРОИЗВОДСТВА |
| Страна публикации |
Российская Федерация |
| 105 ## - ПОЛЕ КОДИРОВАННЫХ ДАННЫХ: ТЕКСТОВЫЕ МАТЕРИАЛЫ, МОНОГРАФИЧЕСКИЕ |
| Кодированные данные о монографическом текстовом документе |
y z ||||| |
| 200 1# - ЗАГЛАВИЕ И СВЕДЕНИЯ ОБ ОТВЕТСТВЕННОСТИ |
| Основное заглавие |
Исследование каменноугольного Донецкого бассейна, произведенное в 1837-39 годах, по распоряжению А.Н. Демидова, главным горным инженером и профессором в Горной парижской школе, Ле-Пле при пособии г. г. Маленво, Лалано и Эйро |
| Сведения, относящиеся к заглавию |
С атласом из 9 табл. и геол. карт. |
| Первые сведения об ответственности |
Пер. с фр. [и предисл.] проф. Г.Е. Щуровского |
| 210 ## - ПУБЛИКАЦИЯ, РАСПРОСТРАНЕНИЕ И ДР. |
| Место издания, распространения и т.д. |
Москва |
| Имя издателя, распространителя и т. д. |
тип. Александра Семена |
| Дата издания, распространения и т.д. |
1854 |
| 215 ## - ФИЗИЧЕСКАЯ ХАРАКТЕРИСТИКА |
| Специфическое обозначение материала и объем |
751 с. разд. паг. |
| Размеры |
24 |
| 300 ## - ОБЩИЕ ПРИМЕЧАНИЯ |
| Текст примечания |
Из предисл.: "Соч. Ле-Пле составляет часть общего труда Демидовской экспедиции Voyage dans la Russie méridionale et la Grimèe, par Hongrie la Valachie et la Moldavie, exécutée en 1837 sous la direction de M. Anatole de Démidoff, par M. M. Du Sainson, Le-Play, Huot, Lévcille, Raffet, Rousseau, de Nordmann et Du ponceau. Tom IV. Paris, 1842"... |
| 311 ## - ПРИМЕЧАНИЯ, ОТНОСЯЩИЕСЯ К ПОЛЯМ СВЯЗИ (ПРИМЕЧАНИЯ О СВЯЗИ С ДРУГИМИ ПРОИЗВЕДЕНИЯМИ (ИЗДАНИЯМИ)) |
| Текст примечания |
[Атлас].-М.:лит. В. Бахмана, [1854].-Без тит. л. и обл. (шифр: 18.15.1.66) |
| 421 #0 - ПРИЛОЖЕНИЕ |
| Встроенное поле |
1010#$arus |
| -- |
2001#$a[Атлас] |
| -- |
210##$aМосква$cлит. В. Бахмана$d[1854] |
| -- |
215##$a9 л. ил., карт. |
| -- |
300##$aБез тит. л. и обл. |
| -- |
899##$aNLR$j18.15.1.66 |
| -- |
899##$aRuMoRGB$jA 158/418 |
| -- |
899##$aRuMoRGB$jF 18/54 |
| -- |
899##$aRuMoRGB$jU 34/536 |
| -- |
899##$aБАН |
| -- |
899##$aНБ СПбГУ |
| -- |
899##$aГПИБ |
| -- |
899##$aНБ МГУ |
| 700 #1 - ИМЯ ЛИЦА - ПЕРВИЧНАЯ ОТВЕТСТВЕННОСТЬ |
| Связь между полями |
z01790 |
| Начальный элемент ввода |
Ле-Пле |
| Часть имени, кроме начального элемента ввода |
Ф. |
| Даты |
1806-1882 |
| Расширение инициалов личного имени |
Фредерик |
| 702 #1 - ИМЯ ЛИЦА - ВТОРИЧНАЯ ОТВЕТСТВЕННОСТЬ |
| Начальный элемент ввода |
Щуровский |
| Часть имени, кроме начального элемента ввода |
Г. Е. |
| Даты |
1803-1884 |
| Расширение инициалов личного имени |
Григорий Ефимович |
| Код отношения |
Переводчик |
| -- |
Автор введения, предисловия, примечания и т.п. |
| 702 #1 - ИМЯ ЛИЦА - ВТОРИЧНАЯ ОТВЕТСТВЕННОСТЬ |
| Начальный элемент ввода |
Маленво |
| Часть имени, кроме начального элемента ввода |
Э. |
| Расширение инициалов личного имени |
Эрнест |
| Код отношения |
Прочие |
| 702 #1 - ИМЯ ЛИЦА - ВТОРИЧНАЯ ОТВЕТСТВЕННОСТЬ |
| Начальный элемент ввода |
Лалано |
| Код отношения |
Прочие |
| 702 #1 - ИМЯ ЛИЦА - ВТОРИЧНАЯ ОТВЕТСТВЕННОСТЬ |
| Начальный элемент ввода |
Эйро |
| Код отношения |
Прочие |
| 702 #1 - ИМЯ ЛИЦА - ВТОРИЧНАЯ ОТВЕТСТВЕННОСТЬ |
| Начальный элемент ввода |
Демидов |
| Часть имени, кроме начального элемента ввода |
А. Н. |
| Даты |
1812-1870 |
| Расширение инициалов личного имени |
Анатолий Николаевич |
| Идентификатор авторитетной/нормативной записи |
RU\NLR\AUTH\770139271 |
| Код отношения |
Прочие |
| 790 #1 - ИМЯ ЛИЦА - АЛЬТЕРНАТИВНАЯ ФОРМА |
| Связь между полями |
z01700 |
| Начальный элемент ввода |
Пле |
| Часть имени, кроме начального элемента ввода |
Ф. |
| Даты |
1806-1882 |
| Расширение инициалов личного имени |
Фредерик |
| 801 #0 - ИСТОЧНИК ЗАПИСИ |
| Страна |
Российская Федерация |
| Организация |
NLR |
| Правила каталогизации |
psbo |
| 801 #0 - ИСТОЧНИК ЗАПИСИ |
| Страна |
Российская Федерация |
| Организация |
RuMoRGB |
| Источник данных |
psbo |
| 801 #1 - ИСТОЧНИК ЗАПИСИ |
| Страна |
Российская Федерация |
| Организация |
ProSoft-M |
| Источник данных |
rusmarc |
| 852 ## - МЕСТОНАХОЖДЕНИЕ И ШИФР ХРАНЕНИЯ |
| Идентификатор организации |
NLR |
| Шифр хранения (Call Number) |
18.2.2.14 |
| 852 ## - МЕСТОНАХОЖДЕНИЕ И ШИФР ХРАНЕНИЯ |
| Идентификатор организации |
NLR |
| Шифр хранения (Call Number) |
Гн02/Б-7/6 |
| 899 ## - ДАННЫЕ О МЕСТОНАХОЖДЕНИИ (устаревшее) |
| Местонахождение |
RuMoRGB |
| Шифр хранения |
A 158/418 |
| 899 ## - ДАННЫЕ О МЕСТОНАХОЖДЕНИИ (устаревшее) |
| Местонахождение |
RuMoRGB |
| Шифр хранения |
F 18/54 |
| 899 ## - ДАННЫЕ О МЕСТОНАХОЖДЕНИИ (устаревшее) |
| Местонахождение |
RuMoRGB |
| Шифр хранения |
U 34/536 |
| 899 ## - ДАННЫЕ О МЕСТОНАХОЖДЕНИИ (устаревшее) |
| Местонахождение |
БАН |
| 899 ## - ДАННЫЕ О МЕСТОНАХОЖДЕНИИ (устаревшее) |
| Местонахождение |
НБ СПбГУ |
| 899 ## - ДАННЫЕ О МЕСТОНАХОЖДЕНИИ (устаревшее) |
| Местонахождение |
ГПИБ |
| 899 ## - ДАННЫЕ О МЕСТОНАХОЖДЕНИИ (устаревшее) |
| Местонахождение |
НБ МГУ |
| 942 ## - ДОПОЛНИТЕЛЬНЫЕ ЭЛЕМЕНТЫ ЗАПИСИ (АБИС) |
| Тип экземпляра АБИС |
Книга |
| 980 ## - КОЛЛЕКЦИЯ |
| Название коллекции |
Национальная библиография |